000 01013nam a2200277 i 4500
001 173225
003 ES-MaACL
005 20250822030846.0
008 091119s1972 xxu rn |||| | eng d
020 _a0677138504
080 _a159.95
245 0 4 _aThe psychology of knowing /
_cedited by Joseph R. Royce and Wm. W. Rozeboom.
260 _aNew York :
_bGordon and Breach,
_c[1972]
300 _aVII, 496 p. ;
_c24 cm.
500 _aBibliografía.
500 _aÍndices.
594 _aEn verso de port.: The Second Banff Conference on Theoretical Psychology... supported by the Scientific Affairs Division of the...NATO.
650 4 _aEpistemología.
_912338
650 4 _aConocimiento.
_911281
650 0 7 _aPsicología cognitiva
_2embne
_916554
700 1 _aRoyce, Joseph R.
_9141580
700 1 _aRozeboom, William Warren.
_9141581
740 0 _aBanff Conference on Theoretical Psychology.
_n2.
852 4 _aES-MaACL
_jE-13201
_9R.138203 . -
_zDonativo Dr. Calles
999 _c173225
_d173225